Statistics for Most Populous Counties in Minnesota

Click here to take the quiz!

General Stats

  • This quiz has been taken 11 times
  • The average score is 11 of 15

Answer Stats

PopulationCounty% Correct
1,289,597Hennepin
100%
367,361Anoka
89%
554,668Ramsey
89%
273,063Washington
89%
109,757Carver
78%
440,964Dakota
78%
164,098Olmsted
78%
154,479Scott
78%
165,332Stearns
78%
197,225St. Louis
78%
144,569Wright
78%
101,081Sherburne
67%
68,478Blue Earth
56%
65,838Crow Wing
56%
68,190Rice
44%

Score Distribution

Percentile by Number Answered

Percent of People with Each Score

Your Score History

You have not taken this quiz